Comunicaciones: (Registro nro. 13866)
[ vista simple ]
| 000 -Cabecera | |
|---|---|
| Campo de control interno | 01065nam a2200229Ia 4500 |
| 005 - Fecha y hora del registro | |
| control field | 20260414171444.0 |
| 008 - Elementos de Longitud Fija | |
| fixed length control field | 260306t2013||||xx |||||||||||||| ||spa|| |
| 041 ## - Idioma | |
| Codigo Idioma | ESP |
| 082 ## - DEWEY y NOTACIÓN INTERNA | |
| Dewey | 005.43 |
| Notación Interna | C35 |
| 100 ## - AUTOR | |
| Autor denominación | Castro Lechtaler, Antonio Ricardo |
| Término de relación | autor |
| 245 #0 - TÍTULO DE MATERIAL BIBLIOGRÁFICO | |
| Título | Comunicaciones: |
| Título paralelo | una introducción a las redes digitales de transmisión de datos y señales isócronas |
| 260 ## - CIUDAD, EDITORIAL, AÑO | |
| Año | 2013 |
| 300 ## - DESCRIPCIÓN | |
| N° Páginas | 704 páginas : |
| Dimensiones | 24 cm. |
| 650 ## - TEMAS | |
| Temas | Generalidades |
| 654 ## - PROGRAMAS | |
| Programa | |
| 856 ## - URL - UBICACIÓN | |
| URI/URL: Enlace exacto del recurso | <a href="https://itmsp.museknowledge.com/UCSP?url=https://www.ebooks7-24.com:443/?il=5340&pg=1">https://itmsp.museknowledge.com/UCSP?url=https://www.ebooks7-24.com:443/?il=5340&pg=1</a> |
| Nota pública: Versión digital | <a href="Véase además: Introducción a las redes: guía de estudio. Versión digital">Véase además: Introducción a las redes: guía de estudio. Versión digital</a> |
| 856 ## - URL - UBICACIÓN | |
| URI/URL: Enlace exacto del recurso | <a href="https://0u213wfr1-y-https-ebooks7--24-com.itmsp.museknowledge.com/biblioteca.aspx">https://0u213wfr1-y-https-ebooks7--24-com.itmsp.museknowledge.com/biblioteca.aspx</a> |
| Nota pública: Versión digital | <a href="Véase además: Base de datos Ebook7-24">Véase además: Base de datos Ebook7-24</a> |
| 856 ## - URL - UBICACIÓN | |
| URI/URL: Enlace exacto del recurso | <a href="https://dl.acm.org/">https://dl.acm.org/</a> |
| Nota pública: Versión digital | <a href="Véase además: Base de datos ACM Digital Library">Véase además: Base de datos ACM Digital Library</a> |
| 856 ## - URL - UBICACIÓN | |
| URI/URL: Enlace exacto del recurso | <a href="https://0u206wfrf-y-https-ieeexplore-ieee-org.itmsp.museknowledge.com/Xplore/home.jsp">https://0u206wfrf-y-https-ieeexplore-ieee-org.itmsp.museknowledge.com/Xplore/home.jsp</a> |
| Nota pública: Versión digital | <a href="Véase además: Base de datos IEEE Xplore">Véase además: Base de datos IEEE Xplore</a> |
| 942 ## - ELEMENTOS DE KOHA | |
| Tipo de documento | Libro |
| Nombre del creador | Justo Noguera |
| Código de catalogador | Justo Noguera |
| Esquema de clasificación | Dewey Decimal Classification |
| Codigo completo | Registro | Colección | Copia número | Disponibilidad | Tipo de préstamo | Biblioteca Actual | Procedencia (Biblioteca) | Ubicacón | Fecha Ingreso | Tipo de Adquisición | Date last seen | Total checkouts | Price effective from | Tipo de Item | Estado del Material | Fuente de Clasificación | Damaged status | Withdrawn status |
|---|---|---|---|---|---|---|---|---|---|---|---|---|---|---|---|---|---|---|
| 005.43 C35 | 1052681 | Universidad Católica San Pablo | 1 | Disponible | Disponible | Víctor Andrés Belaunde | Víctor Andrés Belaunde | Segundo piso | 03/06/2026 | Compra | 06/03/2026 | 06/03/2026 | Libro | Bueno | Dewey Decimal Classification |




